• 首页
  • 本馆介绍
  • 公告通知
  • 最新文献
  • 馆藏检索
  • 电子资源
  • 读者导购
  • 参考咨询
  • 我的图书馆
  • 登录
  • 详细信息显示
  • 放入我的书架
  • 预约/预借图书
  • 作者相关作品
  • 分类相关作品
  • 丛书相关作品
  • 出版社相关作品

书目信息

  • 表格格式
  • 工作单格式
  • 卡片格式
题名:
学生常用汉字浅释
    
 
作者: 陈涛 , 董治国 著
分册:  
出版信息: 天津   天津人民出版社  1981
页数: 340页
开本: 21cm
丛书名:
单 册:
中图分类: H163 , H12
科图分类:
主题词: 汉字-字典 , 字典-汉字 , 汉字--文字学
电子资源:
ISBN:
000 00689nam0 2200265 45
001 1556621236
005 20150128074720.00
010    @dCNY1.03
091    @aCN@b9072.17
100    @a19950704d1981 em y0chiy0121 ea
101 0  @achi
102    @aCN@b120000
105    @ay z 000yy
200 10 @a学生常用汉字浅释@Axue sheng chang yong han zi qian shi@f陈涛, 董治国著
210    @a天津@c天津人民出版社@d1981
215    @a340页@d21cm
606    @a汉字-字典
606    @a字典-汉字
606 0  @a汉字@x文字学
690    @aH163@v3
690    @aH12@v4
701  0 @a陈涛@Achen tao@4著
701  0 @a董治国@Adong zhi guo@4著
801  0 @aCN@bTSSF@c20150128
905    @aZUCC@dH12@eJY5
    
    学生常用汉字浅释/陈涛, 董治国著.-天津:天津人民出版社,1981
    340页;21cm
    
    
    ISBN :CNY1.03
    
●
相关链接 在E读中查询图书 在五车中查询图书 在当当中查询图书 在豆瓣中查询图书


正题名:学生常用汉字浅释     索取号:H12/JY5         预约/预借

序号 登录号 条形码 馆藏地/架位号 状态 备注
1 7856953   278569531   学院路分馆/ [索取号:H12/JY5] 在馆    
唐山师范学院图书馆 欢迎您!
大连网信软件有限公司© 版权所有